Beaufort Developments (NI) Ltd v Gilbert-Ash NI Ltd (Record no. 54930)
[ view plain ]
| 000 -LEADER | |
|---|---|
| fixed length control field | 01704cab a2200253 4500 |
| 001 - CONTROL NUMBER | |
| control field | ABS58817 |
| 008 - FIXED-LENGTH DATA ELEMENTS--GENERAL INFORMATION | |
| fixed length control field | 090401t1998 xxu||||| |||| 00| 0 eng d |
| 035 ## - SYSTEM CONTROL NUMBER | |
| System control number | (Sirsi) u87143 |
| 041 ## - LANGUAGE CODE | |
| Language code of text/sound track or separate title | eng |
| 245 ## - TITLE STATEMENT | |
| Title | Beaufort Developments (NI) Ltd v Gilbert-Ash NI Ltd |
| 260 ## - PUBLICATION, DISTRIBUTION, ETC. | |
| Date of publication, distribution, etc. | 1998 |
| 350 ## - PRICE (NR) (BK AM CF MU VM SE) [OBSOLETE] | |
| Price | 0 |
| 490 ## - SERIES STATEMENT | |
| Series statement | Weekly Law Reports |
| Volume/sequential designation | (1998) 2 WLR 860-883(24) |
| 520 ## - SUMMARY, ETC. | |
| Summary, etc. | HL 2 May 1998. The employers (X) entered into a contract with the contractors (Y) using JCT 1980. Following disputes over the progress of the work Y commenced proceedings claiming payment for work in repsect of architect`s interim certificates. X denied liability and alleged that they were entitled to set off an amount in excess of that claimed by Y. Y served a notice to appoint an arbitrator. X issued a writ against Y and the architects claiming damage for negligence and breach of contract. The judge and CA in Northern Ireland dismissed appeals by X on the grounds that the court did not have the power conferred upon an arbitrator by the arbitration clause to open up, review and revise cerificates by the architect. The HL allowed an appeal by X as the court did not have the power conferred upon an arbitrator by the arbitration clause to oepn up and revise certificates by the archtiect. The HL allowed an appeal by X as they did not need to spell out the arbitrators powers. |
| 650 ## - SUBJECT ADDED ENTRY--TOPICAL TERM | |
| Topical term or geographic name entry element | ARBITRATION CLAUSES |
| 650 ## - SUBJECT ADDED ENTRY--TOPICAL TERM | |
| Topical term or geographic name entry element | ARBITRATORS' POWERS |
| 650 ## - SUBJECT ADDED ENTRY--TOPICAL TERM | |
| Topical term or geographic name entry element | BEAUFORT DEVELOPMENTS (NI) LTD V GILBERT-ASH NI LTD |
| 650 ## - SUBJECT ADDED ENTRY--TOPICAL TERM | |
| Topical term or geographic name entry element | INTERIM CERTIFICATES |
| 650 ## - SUBJECT ADDED ENTRY--TOPICAL TERM | |
| Topical term or geographic name entry element | JCT STANDARD FORM OF BUILDING CONTRACT (1980 EDITION) |
| 650 ## - SUBJECT ADDED ENTRY--TOPICAL TERM | |
| Topical term or geographic name entry element | SET OFF |
| 690 ## - LOCAL SUBJECT ADDED ENTRY--TOPICAL TERM (OCLC, RLIN) | |
| Topical term or geographic name as entry element | ARBITRATION-CASE LAW |
| 942 ## - ADDED ENTRY ELEMENTS (KOHA) | |
| Suppress in OPAC | 0 |
| 948 ## - LOCAL PROCESSING INFORMATION (OCLC); SERIES PART DESIGNATOR (RLIN) | |
| c (OCLC) | 02/07/1998 |
| Withdrawn status | Lost status | Source of classification or shelving scheme | Damaged status | Not for loan | Home library | Current library | Shelving location | Date acquired | Total Checkouts | Full call number | Barcode | Date last seen | Copy number | Price effective from | Koha item type |
|---|---|---|---|---|---|---|---|---|---|---|---|---|---|---|---|
| Dewey Decimal Classification | London | London | Journal article | 14/09/1999 | ABS58817 | 87143-1001 | 06/08/2019 | 1 | 06/08/2019 | Law report |